Bonn workshop on combinatorial optimization
Guardat en:
| Autors principals: | , , |
|---|---|
| Format: | Llibre |
| Idioma: | anglès |
| Publicat: |
Amsterdam
North-Holland
1982
|
| Col·lecció: | Annals of Discrete Mathematics, 16
|
| Matèries: | |
| Etiquetes: |
Afegir etiqueta
Sense etiquetes, Sigues el primer a etiquetar aquest registre!
|
MARC
| LEADER | 00000nam a2200000 a 4500 | ||
|---|---|---|---|
| 001 | UCP2294 | ||
| 003 | CL-VaPUC | ||
| 005 | 20231123095004.0 | ||
| 008 | 990507e19820000ne 1 eng d | ||
| 082 | 0 | 4 | |a 511.6 |b BAC |2 21 |
| 100 | 1 | |a Bachem, Achim |e author |9 619459 | |
| 700 | 1 | |a Grötschel, Martin |e author |9 619460 | |
| 700 | 1 | |a Korte, Bernhard |e author |9 619461 | |
| 245 | 1 | 0 | |a Bonn workshop on combinatorial optimization |
| 260 | |a Amsterdam |b North-Holland |c 1982 | ||
| 300 | |a 312 p | ||
| 490 | 0 | |a Annals of Discrete Mathematics, 16 | |
| 583 | |a last modification |c 19990507 00:00:00 |k Rodrigo Vera | ||
| 650 | 0 | 0 | |a Análisis combinatorio |9 269849 |
| 650 | 0 | 0 | |a Optimización matemática |9 259780 |
| 650 | 0 | 0 | |a Congresos |9 257560 |
| 942 | |c BK | ||
| 945 | |a crobeson |d 19990507 00:00:00 | ||
| 546 | |a En Inglés | ||
| 536 | |a Deutsche Forschungsgemeinschaft | ||
| 518 | |p Bonn Workshop on Combinatorias Optimization, 4, Bonn, 28 al 30 de agosto de 1980 | ||
| 999 | |c 383409 |d 383407 | ||
| 952 | |0 0 |1 0 |4 0 |6 511_600000000000000_BAC_1982 |7 0 |8 A |9 505513 |a BIBMAT |b BIBMAT |d 2020-01-23 |i 1345516 |o 511.6 BAC 1982 |p 1345516 |r 2025-01-07 |w 2020-01-23 |y BK |k MAT | ||